000 00451nam a2200193Ia 4500
008 151121s9999||||xx |||||||||||||| ||und||
082 _a823/ARM
082 _bHNW-55632
100 _aArmstrong H। C।
245 _aHidden
260 _b"The Thriller Book Club, London।"
260 _c--
300 _a296
600 _aArmstrong H। C।
630 _aHidden
700 _aArmstrong H। C।
730 _aHidden
942 _cBOOK
999 _c1238461
_d1238458